[Event "M.Chigorin Memorial A"]
[Site "St. Petersburg RUS"]
[Date "2007.12.05"]
[Round "5.2"]
[White "Movsesian, Sergei"]
[Black "Zhigalko, Andrey"]
[Result "1-0"]
[WhiteElo "2670"]
[BlackElo "2554"]
[PlyCount "81"]
[EventDate "2007.??.??"]

1. e4 c6 2. d4 d5 3. e5 Bf5 4. Nd2 e6 5. Nb3 Nd7 6. Nf3 Qc7 7. Be2 c5 8. dxc5
Bg4 9. O-O a6 10. Be3 Bxf3 11. Bxf3 Ne7 12. c4 dxc4 13. Nd2 Nf5 14. c6 bxc6 15.
Bf4 Nb6 16. Nxc4 Nxc4 17. Qa4 Nd4 18. Bh5 Nb6 19. Qxd4 Be7 20. Rac1 Rd8 21. Qe4
Nd5 22. Bg3 O-O 23. Qa4 Qb7 24. Rxc6 Qxb2 25. Rxa6 Nc3 26. Qc4 Rc8 27. Bxf7+
Kh8 28. Rc6 Rxc6 29. Qxc6 Ne2+ 30. Kh1 Nxg3+ 31. hxg3 Qxe5 32. Bxe6 Bc5 33. f4
Qe3 34. Kh2 g5 35. Re1 Qd4 36. fxg5 Bd6 37. Re4 Qd3 38. Rg4 Be5 39. Bd5 Qe2 40.
Rh4 Qd3 41. Rh3 1-0

[Event "M.Chigorin Memorial A"]
[Site "St. Petersburg RUS"]
[Date "2007.12.05"]
[Round "5.3"]
[White "Maslak, Konstantin"]
[Black "Safarli, Eltaj"]
[Result "1/2-1/2"]
[WhiteElo "2510"]
[BlackElo "2487"]
[PlyCount "58"]
[EventDate "2007.??.??"]

1. e4 e5 2. Nf3 Nc6 3. Bb5 a6 4. Ba4 d6 5. c3 Bd7 6. d4 g6 7. O-O Bg7 8. dxe5
Nxe5 9. Nxe5 dxe5 10. Be3 Nf6 11. f3 O-O 12. Bxd7 Qxd7 13. Qxd7 Nxd7 14. Rd1
Rfd8 15. Nd2 b5 16. Kf2 Bf8 17. Ke2 Bc5 18. Nf1 Bd6 19. Rd5 Kf8 20. a4 Nf6 21.
Rd2 Nd7 22. b3 Rdb8 23. axb5 axb5 24. Rda2 Rxa2+ 25. Rxa2 Ke7 26. Ra7 Ke6 27.
Nd2 h5 28. Ra6 Ke7 29. Ra7 Ke6 1/2-1/2

[Event "M.Chigorin Memorial A"]
[Site "St. Petersburg RUS"]
[Date "2007.12.05"]
[Round "5.4"]
[White "Mihajlovskij, Sergei"]
[Black "Popov, Valerij"]
[Result "1/2-1/2"]
[WhiteElo "2480"]
[BlackElo "2582"]
[PlyCount "83"]
[EventDate "2007.??.??"]

1. Nf3 c5 2. e4 d6 3. c3 Nf6 4. Bd3 Nc6 5. O-O Bg4 6. h3 Bxf3 7. Qxf3 g6 8. Bb5
Bg7 9. e5 dxe5 10. Bxc6+ bxc6 11. Qxc6+ Nd7 12. d3 O-O 13. Na3 Rc8 14. Qa6 Qb6
15. Qa4 Qc6 16. Qxc6 Rxc6 17. Be3 Nb6 18. Rfd1 Nd5 19. Nc4 Rb8 20. Kf1 e6 21.
Ke2 f6 22. Kd2 Bf8 23. Kc2 Rc7 24. Re1 h5 25. Bd2 Kf7 26. a3 Rd8 27. a4 Rcd7
28. Red1 h4 29. a5 Ke8 30. a6 g5 31. f3 Rb8 32. Ra5 Rc7 33. Rda1 Rc6 34. Be3
Be7 35. R5a3 Nc7 36. R3a2 Nd5 37. Bd2 Bd8 38. Ra3 Kd7 39. R3a2 Kc8 40. Ra3 Kd7
41. Be3 Be7 42. Re1 1/2-1/2

[Event "M.Chigorin Memorial A"]
[Site "St. Petersburg RUS"]
[Date "2007.12.05"]
[Round "5.5"]
[White "Slugin, Sergey"]
[Black "Yemelin, Vasily"]
[Result "0-1"]
[WhiteElo "2403"]
[BlackElo "2564"]
[PlyCount "128"]
[EventDate "2007.??.??"]

1. d4 Nf6 2. c4 e6 3. Nf3 b6 4. g3 Ba6 5. Qc2 Bb7 6. Bg2 c5 7. d5 exd5 8. cxd5
Nxd5 9. Qb3 Nc7 10. Ne5 d5 11. Nc3 Be7 12. O-O Nc6 13. Qa4 b5 14. Nxb5 O-O 15.
Nxc7 Qxc7 16. Nxc6 Bxc6 17. Qc2 Rac8 18. Bf4 Qd7 19. Rac1 d4 20. b3 Bb5 21.
Rfe1 Rfe8 22. Be4 g6 23. Bd3 Bc6 24. Ba6 Rcd8 25. Qd3 g5 26. Bd2 Qh3 27. f3 Bd6
28. Bc4 Bxg3 29. hxg3 Qxg3+ 30. Kf1 Qh3+ 31. Kg1 Qg3+ 32. Kf1 Qh3+ 33. Kg1 Rd6
34. Bxf7+ Kf8 35. Rxc5 Qg3+ 36. Kf1 Bd7 37. Be6 Rexe6 38. Rxg5 Qh3+ 39. Kf2
Qh4+ 40. Rg3 Rg6 41. Reg1 Rxg3 42. Rxg3 Rg6 43. Bb4+ Kf7 44. Qc4+ Ke8 45. Bd6
Qh2+ 46. Ke1 Rxg3 47. Bxg3 Qxg3+ 48. Kd1 Qg1+ 49. Kc2 Qg7 50. Qd5 a6 51. Kd2
Ke7 52. Qc5+ Kf7 53. Qc4+ Kg6 54. Qxa6+ Qf6 55. Qc4 Be6 56. Qc7 h5 57. Ke1 h4
58. Kf2 Qg5 59. Qd6 Qg3+ 60. Qxg3+ hxg3+ 61. Kxg3 Kf5 62. b4 Bxa2 63. b5 Bc4
64. b6 Ba6 0-1

[Event "M.Chigorin Memorial A"]
[Site "St. Petersburg RUS"]
[Date "2007.12.05"]
[Round "5.6"]
[White "Gubajdullin, Alexei"]
[Black "Kokarev, Dmitry"]
[Result "1-0"]
[WhiteElo "2475"]
[BlackElo "2550"]
[PlyCount "59"]
[EventDate "2007.??.??"]

1. e4 c5 2. Nf3 d6 3. d4 cxd4 4. Nxd4 Nf6 5. Nc3 a6 6. f3 e5 7. Nb3 Be6 8. Be3
Nbd7 9. Qd2 Be7 10. g4 O-O 11. O-O-O Qc7 12. Kb1 Nb6 13. h4 Rfc8 14. g5 Nh5 15.
Qf2 Nc4 16. Bxc4 Qxc4 17. Na5 Qc7 18. Nd5 Bxd5 19. Rxd5 b5 20. Qd2 f5 21. exf5
Ng3 22. f6 Nxh1 23. fxe7 Qxe7 24. Rxd6 Rd8 25. Qd5+ Kh8 26. Nb7 Re8 27. Bc5 Qf8
28. Rd7 Qf5 29. Nd6 Qe6 30. Qxe6 1-0

[Event "M.Chigorin Memorial A"]
[Site "St. Petersburg RUS"]
[Date "2007.12.05"]
[Round "5.7"]
[White "Shimanov, Aleksandr"]
[Black "Romanov, Evgeny"]
[Result "1-0"]
[WhiteElo "2447"]
[BlackElo "2515"]
[PlyCount "71"]
[EventDate "2007.??.??"]

1. Nf3 d5 2. d4 Nf6 3. c4 e6 4. Nc3 dxc4 5. e4 Bb4 6. Bg5 c5 7. Bxc4 cxd4 8.
Nxd4 Bxc3+ 9. bxc3 Qa5 10. Bb5+ Bd7 11. Bxf6 gxf6 12. Bxd7+ Nxd7 13. O-O a6 14.
Rb1 Qc7 15. Qh5 Ke7 16. Rfd1 Rac8 17. Nf3 b5 18. a4 bxa4 19. e5 Rhd8 20. Rxd7+
Rxd7 21. exf6+ Ke8 22. Qg4 Rd5 23. c4 Kd7 24. Qg7 Kd6 25. Re1 Rc5 26. Ng5 Rxc4
27. Nxf7+ Kc6 28. h4 Kb6 29. Rb1+ Ka7 30. Nd6 Rb8 31. Rxb8 Rc1+ 32. Kh2 Kxb8
33. Qg3 Rc3 34. f3 Ka7 35. f7 Qe7 36. Qf4 1-0

[Event "M.Chigorin Memorial A"]
[Site "St. Petersburg RUS"]
[Date "2007.12.05"]
[Round "5.8"]
[White "Matlakov, Maxim"]
[Black "Gasanov, Eldar"]
[Result "1-0"]
[WhiteElo "2441"]
[BlackElo "2504"]
[PlyCount "139"]
[EventDate "2007.??.??"]

1. d4 Nf6 2. c4 e6 3. Nf3 d5 4. Nc3 c6 5. cxd5 exd5 6. Qc2 Be7 7. Bg5 g6 8. e3
Bf5 9. Bd3 Bxd3 10. Qxd3 Nbd7 11. O-O O-O 12. Rab1 a5 13. a3 Re8 14. Qc2 Kg7
15. b4 axb4 16. axb4 b5 17. Ne2 Ra6 18. Ne5 Qa8 19. Rfc1 Bd6 20. Nd3 Ne4 21.
Bf4 Bxf4 22. Nexf4 Qa7 23. Qd1 Nd6 24. Ra1 Ra8 25. Rxa6 Qxa6 26. Ne5 Nxe5 27.
dxe5 Nc4 28. e6 Qa7 29. exf7 Qxf7 30. Ra1 Rxa1 31. Qxa1+ Qf6 32. Ne6+ Kf7 33.
Nd4 Ne5 34. Qa7+ Qe7 35. Qxe7+ Kxe7 36. f4 Nc4 37. Nxc6+ Kd7 38. Nd4 Nxe3 39.
Kf2 Ng4+ 40. Kg3 Ne3 41. Kf3 Nf1 42. h3 Nd2+ 43. Ke2 Ne4 44. Nxb5 Kc6 45. Nd4+
Kd6 46. g4 Nc3+ 47. Ke3 Ne4 48. Nf3 Nc3 49. f5 gxf5 50. gxf5 Ne4 51. Kf4 Nf2
52. b5 h6 53. Ke3 Ne4 54. Nd4 Ke5 55. b6 Nc5 56. Nb3 Nb7 57. f6 Kxf6 58. Kd4
Ke7 59. Kxd5 Kd8 60. Kc6 Kc8 61. Nc5 Nd8+ 62. Kd6 Nf7+ 63. Ke7 Ne5 64. Kf6 Nc4
65. b7+ Kc7 66. Kg6 Ne5+ 67. Kxh6 Nc6 68. h4 Kb6 69. h5 Kxc5 70. Kg7 1-0

[Event "M.Chigorin Memorial A"]
[Site "St. Petersburg RUS"]
[Date "2007.12.05"]
[Round "5.9"]
[White "Yevseev, Denis"]
[Black "Levin, Evgeny A"]
[Result "1-0"]
[WhiteElo "2499"]
[BlackElo "2428"]
[PlyCount "123"]
[EventDate "2007.??.??"]

1. d4 Nf6 2. c4 e6 3. g3 Bb4+ 4. Bd2 Qe7 5. Nf3 b6 6. Bg2 Bb7 7. O-O Bxd2 8.
Qxd2 d6 9. d5 e5 10. Nc3 Nbd7 11. e4 O-O 12. Ne1 a5 13. b3 Nc5 14. Nc2 Nfd7 15.
Rab1 f5 16. exf5 Rxf5 17. a3 Nf8 18. b4 Ncd7 19. Ne4 Nf6 20. c5 Ba6 21. cxd6
cxd6 22. Rfc1 Nxe4 23. Bxe4 Rf7 24. Ne3 Bb5 25. bxa5 Rxa5 26. Rc3 Qa7 27. Nf5
Qd7 28. Rcb3 Rf6 29. Qg5 Ra4 30. Bc2 Ra5 31. Nxg7 Qxg7 32. Qxg7+ Kxg7 33. Rxb5
Rxa3 34. Rxb6 Nd7 35. Rc6 Ra7 36. Rb4 h6 37. Kg2 Nc5 38. h4 h5 39. Rb2 Raf7 40.
Bb1 Na4 41. Re2 Nc5 42. Bc2 Rb7 43. Rc8 Ra7 44. Bd1 Raf7 45. Ra2 Rf5 46. f3 e4
47. f4 Rxd5 48. Be2 Nd3 49. Re8 Ne1+ 50. Kf2 Nd3+ 51. Ke3 Rc5 52. Raa8 Nc1 53.
Rg8+ Kf6 54. Bd1 Nd3 55. Rad8 d5 56. Bxh5 Rh7 57. g4 Nb4 58. g5+ Ke6 59. Rge8+
Re7 60. Bg4+ Kf7 61. Rf8+ Kg7 62. Rg8+ 1-0

[Event "M.Chigorin Memorial A"]
[Site "St. Petersburg RUS"]
[Date "2007.12.05"]
[Round "5.10"]
[White "Khairullin, Ildar"]
[Black "Utkin, Aleksey"]
[Result "1/2-1/2"]
[WhiteElo "2567"]
[BlackElo "2389"]
[PlyCount "55"]
[EventDate "2007.??.??"]

1. g3 g6 2. Bg2 Bg7 3. e4 c5 4. Ne2 Nc6 5. O-O d6 6. c3 e6 7. d4 cxd4 8. cxd4
Nge7 9. Nbc3 O-O 10. Bg5 h6 11. Be3 d5 12. Qd2 Kh7 13. e5 b6 14. f4 Ba6 15. g4
f5 16. exf6 Rxf6 17. Rf2 Bxe2 18. Nxe2 Rc8 19. Ng3 Qd6 20. Bf1 Qb4 21. Qd3 Kh8
22. Rd1 Rff8 23. Kh1 Qd6 24. a3 Na5 25. Bd2 Nac6 26. Be3 Na5 27. Bd2 Nac6 28.
Be3 1/2-1/2

[Event "M.Chigorin Memorial A"]
[Site "St. Petersburg RUS"]
[Date "2007.12.05"]
[Round "5.11"]
[White "Smirnov, Artem"]
[Black "Aleksandrov, Aleksej"]
[Result "0-1"]
[WhiteElo "2419"]
[BlackElo "2614"]
[PlyCount "86"]
[EventDate "2007.??.??"]

1. d4 Nf6 2. Bg5 e6 3. e4 h6 4. Bxf6 Qxf6 5. Nc3 Bb4 6. a3 Bxc3+ 7. bxc3 d6 8.
Bd3 Nc6 9. Ne2 Bd7 10. Rb1 O-O-O 11. O-O Kb8 12. Qd2 g5 13. a4 Rhg8 14. d5 Ne5
15. Ba6 b6 16. a5 Bc8 17. Bxc8 Kxc8 18. Nd4 g4 19. Kh1 Kd7 20. f4 gxf3 21. Nxf3
Nc4 22. Qe2 exd5 23. exd5 Qxc3 24. Rb3 Qg7 25. g3 Qg4 26. Rb4 b5 27. Rxb5 Rde8
28. Qf2 Ne3 29. Re1 a6 30. Rb3 Nxd5 31. Rd1 Nf6 32. Kg1 Ne4 33. Qd4 f5 34. Qa4+
Ke7 35. Qc4 Rc8 36. Re1 Kf6 37. Nd4 Ng5 38. Re6+ Kg7 39. Re7+ Kg6 40. Rbe3 c5
41. Qxa6 cxd4 42. Qxd6+ Kh5 43. Re2 Qf3 0-1

[Event "M.Chigorin Memorial A"]
[Site "St. Petersburg RUS"]
[Date "2007.12.05"]
[Round "5.13"]
[White "Demianjuk, Alexander"]
[Black "Alavkin, Arseny"]
[Result "0-1"]
[WhiteElo "2334"]
[BlackElo "2442"]
[PlyCount "108"]
[EventDate "2007.??.??"]

1. e4 e6 2. d4 d5 3. Nd2 Nf6 4. e5 Nfd7 5. Bd3 c5 6. c3 Nc6 7. Ne2 cxd4 8. cxd4
f6 9. exf6 Nxf6 10. O-O Bd6 11. Nf3 Qc7 12. Bg5 O-O 13. Rc1 Bd7 14. Bh4 Nh5 15.
Nc3 a6 16. Re1 Rae8 17. Qc2 Rxf3 18. Bxh7+ Kh8 19. gxf3 Nxd4 20. Qd1 Bxh2+ 21.
Kg2 Qf4 22. Rh1 Kxh7 23. Bg3 Bxg3 24. Rxh5+ Kg6 25. fxg3 Qxf3+ 26. Qxf3 Nxf3
27. g4 Ng5 28. Rd1 Bc6 29. Kf2 Rf8+ 30. Ke3 Rf3+ 31. Kd4 Rf4+ 32. Kc5 Rxg4 33.
Rh2 d4 34. Nb1 Ne4+ 35. Kb6 e5 36. Na3 Bd5 37. b3 Nc3 38. Rdd2 Kf5 39. Nc2 Bf3
40. a4 Bd5 41. Nb4 Rg6+ 42. Ka7 Bxb3 43. Nd3 Ne4 44. Rde2 Bc4 45. Rh5+ Rg5 46.
Rxg5+ Nxg5 47. Rf2+ Ke4 48. Nc5+ Kd5 49. Nxb7 d3 50. Na5 e4 51. Rf5+ Ke6 52.
Rxg5 d2 53. Re5+ Kf6 54. Rxe4 Bd3 0-1

[Event "M.Chigorin Memorial A"]
[Site "St. Petersburg RUS"]
[Date "2007.12.05"]
[Round "5.14"]
[White "Evdokimov, Alexander A"]
[Black "Ovod, Evgenija"]
[Result "1-0"]
[WhiteElo "2562"]
[BlackElo "2386"]
[PlyCount "165"]
[EventDate "2007.??.??"]

1. Nf3 d5 2. c4 c6 3. e3 Nf6 4. Nc3 e6 5. Qc2 Nbd7 6. d4 Bd6 7. Be2 O-O 8. O-O
dxc4 9. Bxc4 a6 10. Rd1 b5 11. Be2 Qc7 12. e4 e5 13. Bg5 Re8 14. dxe5 Nxe5 15.
Bxf6 Nxf3+ 16. Bxf3 gxf6 17. g3 Be6 18. Rac1 Rad8 19. Ne2 Be5 20. Kg2 Rxd1 21.
Rxd1 Rd8 22. Rxd8+ Qxd8 23. b3 Qd6 24. Bh5 c5 25. f4 Bd4 26. Qd3 Bd7 27. Bf3 b4
28. Qd2 Bb5 29. Nc1 c4 30. bxc4 Bxc4 31. Nb3 Bxb3 32. axb3 Bc5 33. Qc2 Qd4 34.
Be2 Qf2+ 35. Kh3 a5 36. Qd1 Qd4 37. Bd3 Kf8 38. Qe2 a4 39. bxa4 Qd7+ 40. Kh4
Qxa4 41. Qh5 Qa7 42. Qh6+ Ke8 43. Bb5+ Kd8 44. Qxh7 Qe7 45. Qf5 b3 46. Qd5+ Kc7
47. Qc6+ Kb8 48. Bd3 f5+ 49. Kh5 fxe4 50. Bxe4 b2 51. Qa8+ Kc7 52. Qb7+ Kd8 53.
Qb8+ Kd7 54. Bf5+ Kc6 55. Qxb2 Kd5 56. Qb3+ Kc6 57. Qa4+ Kc7 58. Qa5+ Kd6 59.
Qb5 Kd5 60. Kg4 f6 61. h4 Qg7+ 62. Kf3 Kd6 63. Qa6+ Kc7 64. Be4 Qf8 65. Qb7+
Kd8 66. Qb8+ Kd7 67. Qb7+ Kd8 68. Qb8+ Kd7 69. Bf5+ Kc6 70. Qxf8 Bxf8 71. Kg4
Bb4 72. Be6 Be1 73. h5 Kd6 74. Kf5 Ke7 75. h6 Kf8 76. Kxf6 Bc3+ 77. Kg6 Ke7 78.
Ba2 Be1 79. g4 Bd2 80. f5 Bc3 81. g5 Bh8 82. f6+ Kf8 83. Kf5 1-0

[Event "M.Chigorin Memorial A"]
[Site "St. Petersburg RUS"]
[Date "2007.12.05"]
[Round "5.16"]
[White "Kashlinskaya, Alina"]
[Black "Lovkov, Roman"]
[Result "0-1"]
[WhiteElo "2263"]
[BlackElo "2457"]
[PlyCount "62"]
[EventDate "2007.??.??"]

1. d4 c5 2. d5 e5 3. e4 d6 4. Nc3 Be7 5. Nf3 Nf6 6. h3 O-O 7. g4 Ne8 8. Bg2 g6
9. Bh6 Ng7 10. Qd2 Na6 11. O-O Nc7 12. a4 f5 13. gxf5 gxf5 14. exf5 Bxf5 15.
Kh2 Qe8 16. Rg1 Bf6 17. Ng5 Bg6 18. Nce4 Be7 19. Bxg7 Kxg7 20. Ra3 Rf4 21. Rf3
Qf8 22. Rxf4 Qxf4+ 23. Qxf4 exf4 24. Re1 Re8 25. Ne6+ Nxe6 26. dxe6 d5 27. Nd2
Bxc2 28. Rc1 Bxa4 29. Ra1 Bc6 30. Rxa7 Bd6 31. Nc4 Bb8 0-1

[Event "M.Chigorin Memorial A"]
[Site "St. Petersburg RUS"]
[Date "2007.12.05"]
[Round "5.17"]
[White "Konovalov, Nikolay"]
[Black "Tarasova, Viktoriya"]
[Result "1/2-1/2"]
[WhiteElo "2453"]
[BlackElo "2277"]
[PlyCount "163"]
[EventDate "2007.??.??"]

1. d4 Nf6 2. c4 g6 3. g3 c6 4. d5 Bg7 5. Bg2 cxd5 6. cxd5 d6 7. Nc3 O-O 8. e3
Nbd7 9. Nge2 a5 10. O-O Nc5 11. Nd4 Bd7 12. b3 Qb6 13. Ba3 Rfc8 14. Qd2 e5 15.
dxe6 fxe6 16. Rac1 d5 17. Nde2 Kh8 18. Rc2 Rc7 19. Rfc1 Rac8 20. Nf4 g5 21.
Nfe2 Be8 22. Nd4 Bd7 23. Bxc5 Rxc5 24. Na4 Rxc2 25. Rxc2 Rxc2 26. Qxc2 Qd8 27.
Nc5 Qc8 28. Nxd7 Qxc2 29. Nxc2 Nxd7 30. Bh3 Nf8 31. Nd4 Bxd4 32. exd4 Kg7 33.
f3 Kf6 34. Kf2 Ng6 35. a3 Ne7 36. Ke3 Nc6 37. Bf1 h6 38. Bb5 Ne7 39. Kd3 Nf5
40. Kc3 Ke7 41. Bd3 Kd6 42. Bf1 e5 43. dxe5+ Kxe5 44. Kd3 Nd6 45. Bh3 Nb5 46.
a4 Nc7 47. Ke3 d4+ 48. Kd3 Nd5 49. Bc8 b6 50. Bb7 Ne3 51. f4+ gxf4 52. gxf4+
Kxf4 53. Kxd4 h5 54. h4 Nf5+ 55. Kd5 Nxh4 56. Kc6 Nf3 57. Kxb6 h4 58. Bc8 Nd4
59. Kxa5 Nxb3+ 60. Kb4 Nd4 61. Kc5 Ke5 62. Bg4 Ne6+ 63. Kb6 Kd6 64. a5 Nc7 65.
Bh3 Nd5+ 66. Kb7 Nb4 67. Kb6 Nd5+ 68. Kb5 Nc7+ 69. Kc4 Na6 70. Bg2 Nc7 71. Kb4
Kd7 72. Bb7 Ne8 73. Bg2 Kc7 74. Kc5 Nd6 75. a6 Nc8 76. Bh3 Na7 77. Bg4 Nc6 78.
Bf5 Na7 79. Bh3 Nc6 80. Bg2 Na7 81. Bb7 Nc8 82. Bg2 1/2-1/2

[Event "M.Chigorin Memorial A"]
[Site "St. Petersburg RUS"]
[Date "2007.12.05"]
[Round "5.18"]
[White "Utegaliyev, Azamat"]
[Black "Ponfilenok, Vladimir"]
[Result "1/2-1/2"]
[WhiteElo "2200"]
[BlackElo "2412"]
[PlyCount "95"]
[EventDate "2007.??.??"]

1. e4 e6 2. d4 d5 3. Nc3 Bb4 4. e5 c5 5. a3 Bxc3+ 6. bxc3 Ne7 7. Qg4 O-O 8. Nf3
Nbc6 9. Bd3 f5 10. exf6 Rxf6 11. Bg5 e5 12. Qh4 e4 13. Bxf6 gxf6 14. Qxf6 exd3
15. cxd3 Bf5 16. O-O Qf8 17. Qd6 Rd8 18. Qc7 Rd7 19. Qf4 Ng6 20. Qd2 cxd4 21.
cxd4 Bg4 22. Ne1 Qf4 23. Qxf4 Nxf4 24. f3 Bf5 25. g4 Bxd3 26. Nxd3 Nxd3 27.
Rad1 Nf4 28. Kf2 Ne6 29. Kg3 Nexd4 30. f4 Ne2+ 31. Kf3 Nc3 32. Rd3 d4 33. Re1
Na4 34. Rc1 Rd5 35. Ke4 Ra5 36. Rxd4 Nc5+ 37. Rxc5 Rxc5 38. Rd7 b5 39. h4 a5
40. g5 b4 41. axb4 axb4 42. Rb7 Rc4+ 43. Kd5 Rxf4 44. Kxc6 Rxh4 45. Kd6 Rg4 46.
Ke6 Rxg5 47. Kf6 Rg6+ 48. Kf5 1/2-1/2

[Event "M.Chigorin Memorial A"]
[Site "St. Petersburg RUS"]
[Date "2007.12.05"]
[Round "5.19"]
[White "Kharlov, Andrei"]
[Black "Bratus, Pater P"]
[Result "0-1"]
[WhiteElo "2549"]
[BlackElo "2211"]
[PlyCount "156"]
[EventDate "2007.??.??"]

1. d4 Nf6 2. c4 e6 3. Nc3 d5 4. cxd5 exd5 5. Bg5 Be7 6. e3 c6 7. Qc2 Nbd7 8.
Bd3 Nf8 9. Nge2 Ne6 10. Bh4 g6 11. O-O Nh5 12. Bxe7 Qxe7 13. Rab1 O-O 14. b4 a6
15. Na4 Nf6 16. Nb6 Rb8 17. a4 Nd7 18. Nxd7 Bxd7 19. b5 axb5 20. axb5 c5 21.
dxc5 Nxc5 22. Nd4 Rfc8 23. Rfc1 b6 24. Be2 Qd6 25. Bf3 Ne6 26. Nc6 Bxc6 27.
bxc6 Nc5 28. Rd1 Qxc6 29. Bxd5 Qf6 30. Qa2 Rc7 31. Rd4 Ne6 32. Rdb4 Nd8 33. g3
Rd7 34. e4 h5 35. h4 Kg7 36. Qa6 Rd6 37. Kg2 Ne6 38. Qa7 Qd8 39. Qa1+ Kg8 40.
Qe5 Nc5 41. Rb5 Ne6 42. Rd1 Rd7 43. Rb3 Qc7 44. Qb2 Nc5 45. Rf3 Rf8 46. Rb1 Rd6
47. Qe5 Qd8 48. Ra1 Rd7 49. Rf6 Rxd5 50. exd5 Nd7 51. Rxg6+ fxg6 52. Qe6+ Kg7
53. Ra7 Rf7 54. f4 Re7 55. Qd6 Qe8 56. Kh3 Kf7 57. Rc7 Nf8 58. f5 Rxc7 59.
Qxc7+ Qd7 60. Qxb6 Qxf5+ 61. Kh2 Qxd5 62. Qf2+ Kg7 63. Qb2+ Kh7 64. Qf6 Qf5 65.
Qe7+ Kg8 66. Qd8 Kg7 67. Qe7+ Qf7 68. Qe5+ Kh7 69. Qc5 Nd7 70. Qd6 Nf6 71. Kg1
Ng4 72. Qc5 Qe6 73. Qc7+ Kg8 74. Qd8+ Kg7 75. Qc7+ Qf7 76. Qc3+ Kh7 77. Qc5 Qd7
78. Kg2 Qd5+ 0-1

[Event "M.Chigorin Memorial A"]
[Site "St. Petersburg RUS"]
[Date "2007.12.05"]
[Round "5.20"]
[White "Ivanov, Rostislav"]
[Black "Kuderinov, Kirill"]
[Result "1/2-1/2"]
[WhiteElo "2355"]
[BlackElo "2416"]
[PlyCount "128"]
[EventDate "2007.??.??"]

1. e4 c5 2. Nf3 Nc6 3. d4 cxd4 4. Nxd4 e5 5. Nb5 d6 6. N1c3 a6 7. Na3 Nf6 8.
Bg5 Be6 9. Bxf6 gxf6 10. g3 b5 11. Nd5 Bg7 12. Bg2 Ne7 13. O-O O-O 14. c4 Nxd5
15. cxd5 Bd7 16. Qh5 f5 17. exf5 Qf6 18. Be4 Rfc8 19. Rfe1 Rc5 20. Nc2 Bh6 21.
h4 Qg7 22. Ne3 Bxe3 23. Rxe3 f6 24. Qf3 Rac8 25. Kg2 Be8 26. Rd1 Kh8 27. Ra3
Qb7 28. Qe3 Kg7 29. Qe2 Bf7 30. g4 Rc4 31. f3 b4 32. Rad3 Be8 33. Qe3 Ba4 34.
b3 Rc2+ 35. R3d2 R2c3 36. Qf2 Bb5 37. g5 Kh8 38. Rg1 Qg7 39. Kh2 Rc1 40. Rxc1
Rxc1 41. Qb6 Qc7 42. Qxc7 Rxc7 43. Rc2 Rxc2+ 44. Bxc2 a5 45. Kg3 Kg7 46. f4
exf4+ 47. Kxf4 Ba6 48. Ke3 Bb5 49. Kd2 Ba6 50. Be4 Bb5 51. Kc2 Ba6 52. Kb2 Bf1
53. a3 fxg5 54. hxg5 h5 55. f6+ Kf7 56. Bf3 h4 57. Bh5+ Kf8 58. g6 Bg2 59. Bg4
Bxd5 60. axb4 axb4 61. Bf5 Kg8 62. Bh3 Kf8 63. Bf5 Kg8 64. Ka2 Kf8 1/2-1/2

[Event "M.Chigorin Memorial A"]
[Site "St. Petersburg RUS"]
[Date "2007.12.06"]
[Round "6.2"]
[White "Yemelin, Vasily"]
[Black "Mamedov, Rauf"]
[Result "1/2-1/2"]
[WhiteElo "2564"]
[BlackElo "2582"]
[PlyCount "20"]
[EventDate "2007.??.??"]

1. e4 c5 2. Nf3 g6 3. c4 Bg7 4. d4 cxd4 5. Nxd4 b6 6. Nc3 Bb7 7. Be2 Nc6 8. Be3
Nf6 9. O-O O-O 10. Qd2 e6 1/2-1/2

[Event "M.Chigorin Memorial A"]
[Site "St. Petersburg RUS"]
[Date "2007.12.06"]
[Round "6.4"]
[White "Yevseev, Denis"]
[Black "Shimanov, Aleksandr"]
[Result "1/2-1/2"]
[WhiteElo "2499"]
[BlackElo "2447"]
[PlyCount "23"]
[EventDate "2007.??.??"]

1. d4 d5 2. c4 c6 3. Nf3 Nf6 4. Qc2 g6 5. Bf4 Bf5 6. Qb3 Qb6 7. e3 Bxb1 8. Qxb6
axb6 9. Rxb1 Nbd7 10. a3 e6 11. h3 Bg7 12. Bd3 1/2-1/2

[Event "M.Chigorin Memorial A"]
[Site "St. Petersburg RUS"]
[Date "2007.12.06"]
[Round "6.5"]
[White "Safarli, Eltaj"]
[Black "Matlakov, Maxim"]
[Result "1/2-1/2"]
[WhiteElo "2487"]
[BlackElo "2441"]
[PlyCount "71"]
[EventDate "2007.??.??"]

1. e4 c5 2. Nf3 e6 3. Nc3 Nc6 4. g3 d5 5. exd5 exd5 6. Bg2 Nf6 7. d4 Bg4 8.
dxc5 Bxc5 9. O-O O-O 10. h3 Bf5 11. Ne2 h6 12. c3 Qd7 13. g4 Be4 14. Ng3 Qc7
15. Nd4 Bxd4 16. cxd4 Qb6 17. Be3 Qxb2 18. h4 Rfe8 19. Nxe4 Nxe4 20. g5 hxg5
21. hxg5 Qa3 22. Qg4 Qd6 23. Rab1 Re7 24. Bf3 Qe6 25. Qh4 Nd6 26. Rbe1 Rae8 27.
Kg2 Nf5 28. Qf4 Nb4 29. Qh2 Nc2 30. Rh1 Nxe1+ 31. Kf1 Nxe3+ 32. fxe3 f5 33.
Qh8+ Kf7 34. Bh5+ g6 35. Qh7+ Kf8 36. Qh8+ 1/2-1/2

[Event "M.Chigorin Memorial A"]
[Site "St. Petersburg RUS"]
[Date "2007.12.06"]
[Round "6.6"]
[White "Aleksandrov, Aleksej"]
[Black "Mihajlovskij, Sergei"]
[Result "1/2-1/2"]
[WhiteElo "2614"]
[BlackElo "2480"]
[PlyCount "100"]
[EventDate "2007.??.??"]

1. d4 Nf6 2. c4 e6 3. Nc3 d5 4. cxd5 exd5 5. Bg5 Be7 6. e3 O-O 7. Bd3 c6 8. Qc2
Nbd7 9. Nge2 h6 10. Bh4 Ne8 11. Bg3 Bd6 12. Nf4 Ndf6 13. O-O Nc7 14. Rab1 Ne6
15. Nfe2 Re8 16. b4 Bxg3 17. Nxg3 h5 18. h3 a6 19. Rfe1 Ng5 20. f4 Ne6 21. Qf2
Nc7 22. a4 h4 23. Nf5 Bxf5 24. Bxf5 Nh5 25. Ne2 Qe7 26. Rb3 a5 27. bxa5 Rxa5
28. Bg4 Nf6 29. Nc3 b5 30. axb5 Nxb5 31. Nxb5 Rxb5 32. Rxb5 cxb5 33. Qxh4 Qa3
34. Qf2 Qc3 35. Re2 b4 36. Qe1 Qd3 37. Bf3 b3 38. Qc1 Qc4 39. Qa3 Re6 40. Qa8+
Kh7 41. Qb7 Ra6 42. Qxf7 b2 43. Rxb2 Qc1+ 44. Kh2 Qxb2 45. Bxd5 Qf2 46. Be4+
Nxe4 47. Qh5+ Rh6 48. Qf5+ Rg6 49. Qh5+ Rh6 50. Qf5+ Rg6 1/2-1/2

[Event "M.Chigorin Memorial A"]
[Site "St. Petersburg RUS"]
[Date "2007.12.06"]
[Round "6.7"]
[White "Popov, Valerij"]
[Black "Utkin, Aleksey"]
[Result "1-0"]
[WhiteElo "2580"]
[BlackElo "2389"]
[PlyCount "93"]
[EventDate "2007.??.??"]

1. Nf3 Nf6 2. c4 g6 3. d4 Bg7 4. g3 O-O 5. Bg2 d6 6. O-O Nbd7 7. Nc3 e5 8. e4
Re8 9. h3 c6 10. Be3 a5 11. Qc2 exd4 12. Nxd4 Nc5 13. Nb3 Nfd7 14. Rad1 Qe7 15.
Rfe1 Nxb3 16. Qxb3 Nc5 17. Qa3 Bf8 18. b4 axb4 19. Qxa8 Bxh3 20. Qa5 Bxg2 21.
Kxg2 bxc3 22. Bxc5 dxc5 23. Qxc3 Bg7 24. e5 b5 25. Re2 h5 26. Qf3 Qe6 27. Qd3
Qg4 28. f3 Qg5 29. f4 Qg4 30. cxb5 cxb5 31. Qxb5 Ra8 32. Rb1 h4 33. Qd3 hxg3
34. Qf3 Qc8 35. Rb6 Ra6 36. Qb7 Qxb7+ 37. Rxb7 Bh6 38. Kxg3 Ra4 39. e6 Ra3+ 40.
Kh4 fxe6 41. Rxe6 Bf8 42. Rxg6+ Kh8 43. Rc6 Ra8 44. f5 c4 45. Rxc4 Kg8 46. a4
Bg7 47. Rg4 1-0

[Event "M.Chigorin Memorial A"]
[Site "St. Petersburg RUS"]
[Date "2007.12.06"]
[Round "6.8"]
[White "Alavkin, Arseny"]
[Black "Zhigalko, Andrey"]
[Result "1/2-1/2"]
[WhiteElo "2442"]
[BlackElo "2554"]
[PlyCount "52"]
[EventDate "2007.??.??"]

1. e4 c5 2. Nf3 e6 3. c3 d5 4. e5 d4 5. Bd3 Bd7 6. Na3 Bc6 7. O-O Ne7 8. b4
cxb4 9. Nb5 Nd5 10. Nbxd4 bxc3 11. dxc3 Nxc3 12. Qc2 Nd5 13. Bxh7 Nb4 14. Qb1
Bd5 15. Be4 N8c6 16. Bb2 Nxe5 17. Bxd5 Qxd5 18. Nxe5 Qxe5 19. Nf3 Qb5 20. Bc3
Rh5 21. Nd4 Qb6 22. Nxe6 Nd5 23. Qd1 g6 24. Bd4 Qd6 25. Qa4+ Qd7 26. Qxd7+ Kxd7
1/2-1/2

[Event "M.Chigorin Memorial A"]
[Site "St. Petersburg RUS"]
[Date "2007.12.06"]
[Round "6.9"]
[White "Rozum, Ivan"]
[Black "Khairullin, Ildar"]
[Result "0-1"]
[WhiteElo "2411"]
[BlackElo "2567"]
[PlyCount "60"]
[EventDate "2007.??.??"]

1. d4 Nf6 2. Nf3 e6 3. Bg5 h6 4. Bh4 d6 5. c4 Nbd7 6. Nc3 g5 7. Bg3 Nh5 8. e3
Bg7 9. Be2 Qe7 10. Nd2 Nxg3 11. hxg3 O-O 12. Qc2 c5 13. dxc5 Nxc5 14. Nb3 b6
15. Bf3 Rb8 16. O-O Ba6 17. Be2 Rbc8 18. Rfd1 Nb7 19. Nd2 Na5 20. Nde4 Rfd8 21.
b3 d5 22. Nd2 dxc4 23. Nxc4 Nxc4 24. bxc4 Bxc4 25. Rxd8+ Qxd8 26. Rd1 Qe8 27.
Ne4 Bd5 28. Qd3 Qa4 29. Bf3 g4 30. Nd6 Rc3 0-1